00726nam a2200169 i 450000100060000000300090000600500170001500700030003200800410003508000120007610000280008824502360011626000420035230000480039465000240044285200900046631984ES-MaACL20230906154503.0t|030206s1832 fr ||||1| fre d a616.9321 aBrierre de Boismont, A.10aRelation historique et médicale du choléra-morbus de Pologne, comprenant l'apparition de la maladie, sa marche, ses progrès, ses symptômes, son mode de traitement et les moyens préservatifs / cpar A. Brierre-de-Boismont. aParis : bGermer-Baillière, c1832. aXI, 265 p., [1] h. de map. pleg. ; c23 cm. aCólera-zPolonia. aES-MaACLjG-9789(1) q. - Encuadernado con otras obras z.- Ex-libris de Mateo Seoane